Origami: arte creativo hecho en papel

保存先:
書誌詳細
フォーマット: 図書
言語:スペイン語
出版事項: Monterrey Felc 2000
主題:
タグ: タグ追加
タグなし, このレコードへの初めてのタグを付けませんか!

MARC

LEADER 00000nam a2200000 a 4500
001 UCM5960
003 CL-VaPUC
008 021025e20000000mx |||||||||||||||||spa|d
082 0 4 |a 736.982  |b ORI  |2 21 
245 1 0 |a Origami: arte creativo hecho en papel 
300 |a 186 p 
942 |c BK 
945 |d 20021025 00:00:00  |a vberengu 
260 |a Monterrey  |b Felc  |c 2000 
650 0 |a Origami  |9 310849 
650 7 |a TRABAJOS CON PAPEL  |2 CL-VaPUC  |9 307528 
650 7 |a PAPIROFLEXIA  |2 CL-VaPUC  |9 310848 
583 |a last modification  |c 20171010 05:26:23  |k Rodrigo Vera 
999 |c 301628  |d 301626 
952 |0 0  |1 0  |4 0  |6 736_982000000000000_ORI_2000  |7 0  |8 A  |9 360813  |a BIBEDU  |b BIBEDU  |d 2019-11-21  |i 3850153  |o 736.982 ORI 2000  |p 3850153  |r 2019-11-21  |w 2019-11-21  |y BK  |k EPE